Central Library and Information Centre
Sibsagar Girls' College, Sivasagar : Assam

THEORY AND PROBLEMS OF ADVANCED CALCULUS (Record no. 6777)

MARC details
000 -LEADER
fixed length control field 00416cam a2200169ua 4500
008 - FIXED-LENGTH DATA ELEMENTS--GENERAL INFORMATION
fixed length control field 120808n1974 II |||gr||||Z||||||eng
040 ## - CATALOGING SOURCE
Original cataloging agency MAIN
041 ## - LANGUAGE CODE
-- English
082 ## - DEWEY DECIMAL CLASSIFICATION NUMBER
Classification number 515.3 SPI
100 ## - MAIN ENTRY--PERSONAL NAME
Personal name SPIEGEL, MURRAY R.
245 ## - TITLE STATEMENT
Title THEORY AND PROBLEMS OF ADVANCED CALCULUS
260 ## - PUBLICATION, DISTRIBUTION, ETC.
Place of publication, distribution, etc. LONDON
Name of publisher, distributor, etc. MCGREW HILL BOOK
Date of publication, distribution, etc. 1974
300 ## - PHYSICAL DESCRIPTION
Extent 384:
Dimensions 22CM.
942 ## - ADDED ENTRY ELEMENTS (KOHA)
Koha item type Books
653 ## - INDEX TERM--UNCONTROLLED
Uncontrolled term Differential Calculus
Holdings
Withdrawn status Lost status Damaged status Not for loan Collection code Home library Current library Shelving location Date acquired Full call number Barcode Date last seen Copy number Price effective from Koha item type Public note
        TBMAT Central Library and Information Centre Sibsagar Girls College Central Library and Information Centre Sibsagar Girls College MATHEMATICS BOOK RACK 05.02.1997 515.3 SPI 14546 27.02.2020 1 27.02.2020 Books V


Sibsagar Girl's College © 2020. All rights reserved.
Powered by Koha.
Maintained by Abhijit Borpuzari.